Nuevo régimen fiscal de los ingresos por actividades empresariales y profesionales : personas físicas /

Uloženo v:
Podrobná bibliografie
Hlavní autor: Pérez Chávez, José (autor)
Další autoři: Campero Guerrero, Eladio (autor) (autor), Fol Olguín, Raymundo (autor) (autor)
Médium: Kniha
Jazyk:španělština
Vydáno: México : Tax, 2002, c2002
Témata:
Tagy: Přidat tag
Žádné tagy, Buďte první, kdo vytvoří štítek k tomuto záznamu!

MARC

LEADER 00000nam^a2200000^a^4500
001 000140017
005 20250521000000.0
009 20260310095525.717
020 |a 970-716-060-8 
037 |a Acervo ITESO - Biblioteca 
041 |a ESP 
082 |a 657. 46  |b PER 
100 |a Pérez Chávez, José  |e (autor) 
245 1 0 |a Nuevo régimen fiscal de los ingresos por actividades empresariales y profesionales :  |b personas físicas /  |c J. Pérez Chávez, E. Campero Guerrero, R. Fol Olguín. 
264 4 |a México :  |b Tax,  |c 2002, c2002 
300 |a 272 p. 
336 |a texto  |b txt  |2 rdacontenido 
337 |a sin mediación  |b n  |2 rdamedio 
338 |a volumen  |b nc  |2 rdasoporte 
649 |a XX 
650 |a Personas Físicas -  |z México -  |x Condiciones Jurídicas 
650 |a Profesionistas -  |z México -  |x Condiciones Jurídicas 
650 |a Impuestos -  |z México 
650 |a Derecho Fiscal -  |z México 
650 |a Derecho Financiero -  |z México 
650 |a Derecho Público -  |z México 
650 |a Contabilidad Fiscal 
650 |a Ciencias Administrativas 
700 |a Campero Guerrero, Eladio  |e (autor) 
700 |a Fol Olguín, Raymundo  |e (autor) 
910 |a Fondo General 
920 |a Impresos - Libros 
930 |a Colección General 
905 |a 101 
901 |a 0500068429  |b IT1  |c ACC  |u 20250521 
902 |a https://opac.biblio.iteso.mx/vufind/Record/000140017